000
00304nam a22001337a 4500
008
170807b xxu||||| |||| 00| 0 eng d
020
_a
9781256326632
041
_a
eng
080
_a
004
100
_a
33
101
_a
SHK
245
_a
INTRODUCTION TO COMPUTERS, CS 101
_c
GRAUER,R.T
942
_2
udc
_c
BK
999
_c
22788
_d
22788